Sociálny systém pomáha zvyknúť si na chudobu
Príprava reforiem v sociálnom systéme. Hľadanie úspor. Nevyhnutné obmedzenie sumy určenej na sociálne dávky. Meniť sa budú napr. aj prídavky na deti. Upravenie výšky sociálnych dávok. Uvažuje sa o znižovaní daňového zaťaženia rodičov v systéme štátnej politiky podpory rodiny. Sprísnenie evidencie ne...
Salvato in:
| Autore principale: | |
|---|---|
| Altri autori: | |
| Natura: | Capitolo di libro |
| Lingua: | slovacco |
| Soggetti: | |
| Tags: |
Nessun Tag, puoi essere il primo ad aggiungerne!!
|
MARC
| LEADER | 00000naa a2200000 4500 | ||
|---|---|---|---|
| 001 | r046884 | ||
| 005 | 20230921113636.9 | ||
| 041 | 0 | |a slo | |
| 044 | |a SK | ||
| 245 | 1 | 0 | |a Sociálny systém pomáha zvyknúť si na chudobu |c Eva Reiselová, Rado Baťo |
| 520 | |a Príprava reforiem v sociálnom systéme. Hľadanie úspor. Nevyhnutné obmedzenie sumy určenej na sociálne dávky. Meniť sa budú napr. aj prídavky na deti. Upravenie výšky sociálnych dávok. Uvažuje sa o znižovaní daňového zaťaženia rodičov v systéme štátnej politiky podpory rodiny. Sprísnenie evidencie nezamestnaných. | ||
| 610 | 2 | 0 | |a politika sociálna |
| 610 | 2 | 0 | |a systémy sociálne |
| 610 | 2 | 0 | |a dávky sociálne |
| 610 | 2 | 0 | |a prídavky na deti |
| 610 | 2 | 0 | |a zaťaženie daňové |
| 610 | 2 | 0 | |a nezamestnanosť |
| 610 | 2 | 0 | |a evidencia |
| 610 | 2 | 0 | |a chudoba |
| 610 | 2 | 0 | |a Slovensko |
| 100 | 1 | |a Reiselová, Eva | |
| 700 | 1 | |a Baťo, Rado | |